| 000 | 00476nam a2200145 4500 | ||
|---|---|---|---|
| 008 | 030404s1993 enk eng | ||
| 090 |
_aN8189.R8 _bSy6 _b1993 |
||
| 245 | 1 | 0 |
_aSymbols of glory : _bthe Straganov icons / _c. |
| 260 |
_aEngland : _bSt. Paul MultiMedia, _cc1993. |
||
| 300 | _a[50] p. | ||
| 650 | 4 |
_aStraganov family _xExhibitions. |
|
| 651 | 4 | _aIcons, Russia. | |
| 951 |
_p25623 _x00026583 _oN8189.R8/Sy6/1993 _j070613111233031 _d2000-12-21 _cOS-REF |
||
| 999 |
_c17258 _d17258 |
||